| 000 | 01251nam a2200421 a 4500 | ||
|---|---|---|---|
| 003 | AR-BaBNM | ||
| 005 | 20251128205340.0 | ||
| 008 | 082120s2002 ||||||||||||||000 | spa|| | ||
| 020 | _a84-7774-032-1 | ||
| 040 | _cAR-BaBNM | ||
| 100 | 1 | _aKamii, Constance Kazuko | |
| 245 | 0 | 0 | _aLa teoría de Piaget y la educación preescolar |
| 250 | _a3ª ed. | ||
| 260 |
_aMadrid _bVisor _c1991 |
||
| 300 |
_a128 p. _bdiagr. |
||
| 490 | 0 |
_aAprendizaje _vv. 12 |
|
| 504 | _aContiene bibliografía al final de cada capítulo | ||
| 600 | 1 | 4 | _aPiaget, Jean |
| 650 | 4 | _aDESARROLLO DEL NIÑO | |
| 650 | 4 | _aTEORIAS DEL APRENDIZAJE | |
| 650 | 4 | _aPSICOLOGIA DEL NIÑO | |
| 650 | 4 | _aNIÑOS DE EDAD PREESCOLAR | |
| 650 | 4 | _aPSICOLOGIA EVOLUTIVA | |
| 650 | 4 | _aCONDUCTA INFANTIL | |
| 650 | 4 | _aPSICOLOGIA DE LA EDUCACION | |
| 650 | 4 | _aPROCESO DEL PENSAMIENTO | |
| 653 | _aEDUCACION INICIAL | ||
| 653 | _aJARDINES DE INFANTES | ||
| 653 | _aNIÑOS DE JARDIN DE INFANTES | ||
| 700 | 1 | _aDeVries, Rheta | |
| 700 | 1 |
_aCarretero, Mario _eprologuista |
|
| 700 | 1 |
_aZubiar, Asun _etraductor |
|
| 700 | 1 |
_aIdiazabal, Itziar _etraductor |
|
| 800 | 1 |
_aAlvarez, Amelia _edirector |
|
| 800 | 1 |
_aDel Río, Pablo _edirector |
|
| 942 | _cBK | ||
| 998 | _cSILVI | ||
| 999 |
_c11038 _d11038 |
||